00887nam a22002297a 45000010005000000030006000050050017000110080041000280200018000690400029000870500009001160820010001251000020001352450020001552600048001753000046002235050007002695200284002765210027005605210018005876500052006057429FISKH20250812161738.0250715b cb ||||| |||| 00| 0 eng d a9788120754720 aFISKHbengcFISKHdFISKH aPZ7  a398.2 aShively, Julie  aWhat belongs? / aNew Delhi : bSterling Publishers, c2010.  a12 pages : bcolor illustrations ; c24cm aE  aFeaturing humorous rhyme and the antics of the Baby Looney Tunes, this book illustrated by Drew Rose teaches even the youngest toddler about the concept of sets: Sun, moon, stars and pie, Three of these shine in the sky. One of these out of place. Which does not belong in space?8 a200 bLexile estimate 8 aE bRaz-Plus  aBoard Book vPicture BookxPreschool Learning